La educación básica en el siglo XXI y los retos para la educación secundaria (Record no. 111409)

MARC details
000 -CABECERA
campo de control de longitud fija 00585nab a2200205 a 4500
005 - FECHA Y HORA DE LA ÚLTIMA TRANSACCIÓN
campo de control 20210219155143.0
008 - ELEMENTOS DE LONGITUD FIJA--INFORMACIÓN GENERAL
campo de control de longitud fija 991125s1985 mx 000 0 spa u
035 ## - NÚMERO DE CONTROL DEL SISTEMA
Número de control de sistema UPN01000139261
100 1# - ASIENTO PRINCIPAL--NOMBRE PERSONAL
Nombre de persona Braslavsky, Cecilia
222 ## - TÍTULO CLAVE
Título clave PERSPECTIVAS
245 ## - MENCIÓN DE TÍTULO
Título La educación básica en el siglo XXI y los retos para la educación secundaria
260 ## - PUBLICACIÓN, DISTRIBUCIÓN, ETC.
Lugar de publicación, distribución, etc. París, Francia
300 ## - DESCRIPCIÓN FÍSICA
Extensión 3-6
362 0# - FECHAS DE PUBLICACIÓN Y/O DESIGNACIÓN SECUENCIAL
Fecha de publicación y/o designación secuencial 2001 Vol. 31(1), no. 117, mar.
653 0# - TERMINO DE INDIZACION - NO CONTROLADO
Término no controlado EDUCACION SECUNDARIA
653 0# - TERMINO DE INDIZACION - NO CONTROLADO
Término no controlado EDUCACION BASICA
653 0# - TERMINO DE INDIZACION - NO CONTROLADO
Término no controlado SIGLO XXI
653 0# - TERMINO DE INDIZACION - NO CONTROLADO
Término no controlado CALIDAD EDUCATIVA
905 ## - TIPO DE MATERIAL
Tipo de material Articulo

No items available.